Bibliotheca Geographorum Arabicorum (Record no. 2232)

MARC details
000 -LEADER
fixed length control field 00572nam a2200241 a 4500
020 ## - INTERNATIONAL STANDARD BOOK NUMBER
ISBN
082 00 - DEWEY DECIMAL CLASSIFICATION NUMBER
Classification number 915.3
Author Cutter GOE
100 ## - MAIN ENTRY--AUTHOR NAME
Author name Goeje, M J De
245 ## - TITLE STATEMENT
Title Bibliotheca Geographorum Arabicorum
260 ## - PUBLICATION, DISTRIBUTION, ETC. (IMPRINT)
Place of publication Leiden
Name of publisher Brill
Year of publication 1894
300 ## - PHYSICAL DESCRIPTION
Number of Pages 373p
500 ## - GENERAL NOTE
General note includes index and biblioraphy
505 2# - FORMATTED CONTENTS NOTE
Formatted contents note bibliography
650 ## - SUBJECT ADDED ENTRY--TOPICAL TERM
Topical Term Geography-Arab
942 ## - ADDED ENTRY ELEMENTS (KOHA)
Koha item type Books
700 1# -
-- Goeje, M J De
Holdings
Home library Current library Date acquired Cost, normal purchase price Full call number Accession Number Koha item type
Henry Martyn Institute Library Henry Martyn Institute Library   100.00 915.3 GOE 709 Archive Book
Henry Martyn Institute Library Henry Martyn Institute Library   100.00 915.3 GOE 718 Archive Book
                   Copyright © 2026 | Henry Martyn Institute | Hyderabad | TS-500052 | INDIA | Implemented by hmi.edu.in
Hit-Count:

Powered by Koha